000 00574nam a22001817a 4500
010 _aENG-120409
020 _c500.00
_a9789383968060
035 _aEN-103941
037 _bDBAD/PUB
082 _a610.954031
100 _aVarma,Daya Ram
245 _aMedicine,healthcare and the raj :
_cby Daya Ram Verma
_bThe unacknowledged legacy /
260 _aGurgaon
_bThree Essays collective
_c2015
270 _aB-957,palam vihar
_bGurgaon
_e122017
300 _axx,195p.
_c22cm(H.b)
500 _aIncludes references
942 _2ddc
_cEN
_h610.954031
_mVAR
999 _c144825
_d144825